[Event "Cup Russia (final)"]
[Site "masterchessopen.com - Sochi (Russia)"]
[Round "9"]
[White "Yakovich Yuri (RUS)"]
[Black "Malaniuk Vladimir P (UKR)"]
[Result "0-1"]
[WhiteElo "2610"]
[BlackElo "2615"]

1.d4 f5 2.g3 Nf6 3.Bg2 g6 4.Nf3 Bg7 5.O-O O-O 6.c4 d6 7.Nc3 c6 8.d5 e5 9.dxe6
Bxe6 10.Qb3 b5 11.Nd4 Bxc4 12.Qc2 b4 13.Ne4 Nxe4 14.Nxc6 Qc7 15.Qxc4+ Rf7
16.Na5 Qxa5 17.Qc8+ Rf8 18.Qb7 Na6 {#R} 0-1

[Event "It (open)"]
[Site "masterchessopen.com - Torshavn (Faroe Islands)"]
[Round "9"]
[White "Thomsen Bernhard (FAI)"]
[Black "Andreasen Joan Hendrik (FAI)"]
[Result "1-0"]
[WhiteElo "2008"]
[BlackElo "2256"]

1.d4 f5 2.c4 Nf6 3.Nc3 g6 4.Nf3 Bg7 5.g3 O-O 6.Bg2 d6 7.O-O c6 8.e3 Na6 9.Qc2
Qc7 10.a3 e5 11.b4 e4 12.Nd2 Qf7 13.b5 Nc7 14.a4 Be6 15.Ne2 g5 16.Ba3 Rfd8
17.Rac1 Nce8 18.c5 d5 19.Rb1 Qh5 20.f3 Bh6 21.g4 Nxg4 22.fxg4 Qxg4 23.Qd1 f4
24.exf4 gxf4 25.Nxf4 e3 26.Nb3 Nf6 27.Qxg4+ Bxg4 28.Rbe1 Rf8 29.Bc1 Rae8
30.Rxe3 Ne4 31.Bxe4 {#r} 1-0

[Event "It (open)"]
[Site "masterchessopen.com - Viareggio (Italy)"]
[Round "0"]
[White "Campanile Antonio (ITA)"]
[Black "Passerotti Pierluigi (ITA)"]
[Result "1-0"]
[WhiteElo "2099"]
[BlackElo "2310"]

1.c4 f5 2.Nc3 Nf6 3.d4 g6 4.g3 Bg7 5.Bg2 d6 6.Nf3 O-O 7.O-O c6 8.b3 Qe8 9.Qc2
Na6 10.Bb2 h6 11.Rad1 g5 12.a3 e5 13.dxe5 dxe5 14.e3 g4 15.Ne1 e4 16.Ne2 Nc7
17.h4 Qf7 18.Bh1 Ne6 19.Ng2 Nh5 20.Rd2 Bd7 21.Rfd1 Rad8 {#r} 1-0

[Event "It (open)"]
[Site "masterchessopen.com - Viareggio (Italy)"]
[Round "0"]
[White "Campanile Antonio (ITA)"]
[Black "Passerotti Pierluigi (ITA)"]
[Result "1-0"]
[WhiteElo "2099"]
[BlackElo "2310"]

1.c4 f5 2.Nc3 Nf6 3.d4 g6 4.g3 Bg7 5.Bg2 d6 6.Nf3 O-O 7.O-O c6 8.b3 Qe8 9.Qc2
Na6 10.Bb2 h6 11.Rad1 g5 12.a3 c5 13.dxc5 dxc5 14.e3 g4 15.Ne1 Nc7 16.h4 Ne6
17.Bh1 {#r} 1-0

[Event "It (open)"]
[Site "masterchessopen.com - Zalakaros (Hungary)"]
[Round "1"]
[White "Horvath Csaba (HUN)"]
[Black "Tivolt Ferenc (HUN)"]
[Result "1-0"]
[WhiteElo "2530"]
[BlackElo "2024"]

1.d4 f5 2.g3 g6 3.Bg2 Bg7 4.Nf3 Nf6 5.O-O O-O 6.c4 d6 7.Nc3 c6 8.d5 e5 9.dxe6
Bxe6 10.b3 Ne4 11.Nxe4 fxe4 12.Nd4 Bf5 13.Ba3 c5 14.Nxf5 gxf5 15.Qd5+ Kh8
16.Rad1 Qa5 17.Qxb7 Na6 18.Rxd6 Qxa3 19.Qxa6 Qxa6 20.Rxa6 Rfd8 21.f3 Rd2
22.fxe4 Re8 23.Rxa7 Rxe2 24.exf5 Bd4+ 25.Kh1 Re1 26.h4 Bf2 27.Rxe1 Bxe1 28.f6
Bxg3 29.Be4 Rf8 30.Rxh7+ {#r} 1-0

[Event "It (open)"]
[Site "masterchessopen.com - Bad Wiessee (Germany)"]
[Round "1"]
[White "Caoili Arianne (AUS)"]
[Black "Laux Dieter (GER)"]
[Result "1-0"]
[WhiteElo "2050"]
[BlackElo "1617"]

1.Nf3 f5 2.d4 g6 3.g3 Bg7 4.Bg2 d6 5.c4 Nf6 6.Nc3 O-O 7.O-O c6 8.d5 Na6 9.dxc6
bxc6 10.Nd4 Ne4 11.Nxe4 Qb6 12.Nxc6 Be6 13.Ng5 Rae8 14.Nxe6 Bxb2 15.Rb1 {#r}
1-0

[Event "It (open)"]
[Site "masterchessopen.com - Bad Wildungen (Germany)"]
[Round "2"]
[White "Falk Thomas (GER)"]
[Black "Raab Peter (GER)"]
[Result "0-1"]
[WhiteElo "2116"]
[BlackElo "2165"]

1.Nf3 f5 2.d4 Nf6 3.c4 g6 4.g3 Bg7 5.Bg2 O-O 6.Nc3 c6 7.O-O d6 8.d5 e5 9.dxe6
Bxe6 10.Qd3 Ne4 11.Nd4 Bf7 12.Bxe4 fxe4 13.Nxe4 Nd7 14.Ng5 Ne5 15.Nxf7 Rxf7
16.Qc2 Qf6 17.Nb3 Qe6 18.c5 d5 19.Be3 Qh3 20.f3 Nc4 21.Bd4 Bxd4+ 22.Nxd4 Ne3
23.Qd3 Qg2# 0-1

[Event "It (open)"]
[Site "masterchessopen.com - Bad Zwesten (Germany)"]
[Round "2"]
[White "Chuchelov Vladimir (BEL)"]
[Black "Haenisch Uwe (GER)"]
[Result "1-0"]
[WhiteElo "2540"]
[BlackElo "2178"]

1.d4 f5 2.g3 Nf6 3.Bg2 g6 4.Nf3 Bg7 5.O-O O-O 6.c4 c6 7.Nc3 d6 8.b3 Qa5 9.Bb2
Na6 10.Qd2 e5 11.Rad1 Re8 12.d5 c5 13.Ng5 Bh6 14.f4 Bxg5 15.fxg5 Nh5 16.e4 Ng7
17.exf5 gxf5 18.g6 hxg6 19.Qh6 Kf7 20.Ne4 Qd8 21.Ng5+ Kf6 22.Qh4 Qe7 23.Bxe5+
dxe5 24.d6 Qd7 25.Bd5 Nh5 26.Ne6+ {#r} 1-0

[Event "It (open) (b)"]
[Site "masterchessopen.com - Bad Zwesten (Germany)"]
[Round "3"]
[White "Mrochen Markus"]
[Black "Haub Thorsten-Michael (GER)"]
[Result "0-1"]
[WhiteElo "1750"]
[BlackElo "2410"]

1.d4 f5 2.c4 Nf6 3.Nf3 g6 4.g3 Bg7 5.Bg2 O-O 6.O-O c6 7.Nc3 d6 8.d5 e5 9.Nd2
c5 10.e4 f4 11.Rb1 g5 12.b4 cxb4 13.Rxb4 Na6 14.Rb1 b6 15.Ba3 Nc5 16.Nb3 g4
17.Nxc5 bxc5 18.Re1 h5 19.f3 h4 20.Ne2 gxf3 21.Bxf3 fxg3 22.hxg3 Ng4 23.Rb3
Qg5 24.Bc1 Qh5 25.gxh4 Qxh4 26.Bxg4 Qf2+ 27.Kh1 Bxg4 {#R} 0-1

[Event "It (open)"]
[Site "masterchessopen.com - Bethune (France)"]
[Round "0"]
[White "Van Beers Eddy (BEL)"]
[Black "Flament Frederic (FRA)"]
[Result "1-0"]
[WhiteElo "2320"]
[BlackElo "2099"]

1.d4 f5 2.g3 Nf6 3.Bg2 g6 4.Nf3 Bg7 5.O-O O-O 6.c4 d6 7.Nc3 c6 8.d5 e5 9.dxe6
Bxe6 10.Bf4 Bxc4 11.Bxd6 Re8 12.Ne5 Bd5 13.Nxd5 Qxd6 14.Nxf6+ Qxf6 15.Qb3+ Qe6
16.Qxb7 Qxe5 17.Qxa8 Qxe2 18.Rae1 Qxe1 19.Rxe1 Rxe1+ 20.Bf1 Re8 21.Qxa7 Kh8
22.b4 c5 23.bxc5 Rd8 24.c6 {#r} 1-0

[Event "It (open) (a)"]
[Site "masterchessopen.com - Eforie Nord (Romania)"]
[Round "0"]
[White "Ghitescu Theodor (ROM)"]
[Black "Gordin Maxim (MDA)"]
[Result "1-0"]
[WhiteElo "2360"]
[BlackElo "2171"]

1.d4 f5 2.g3 Nf6 3.Bg2 g6 4.c4 Bg7 5.Nc3 O-O 6.Nf3 d6 7.O-O c6 8.d5 Qb6 9.Rb1
Qa6 10.b3 Ne4 11.Nxe4 fxe4 12.Ng5 Qxa2 13.Bxe4 Bg4 14.f3 Bd7 15.Be3 c5 16.h4
Be5 17.f4 Bg7 18.h5 Bg4 19.Rf2 gxh5 20.Bxh7+ Kh8 21.Bc2 Nd7 22.Ne6 Bxe6
23.dxe6 Nf6 24.Qd3 Kg8 25.Bd2 Qa6 26.Rh2 Rad8 27.Rxh5 d5 28.Rg5 Qxe6 29.Rxg7+
Kxg7 30.Qg6+ Kh8 31.Qh6+ Kg8 32.Bh7+ {#r} 1-0

[Event "It"]
[Site "masterchessopen.com - Guanabara (Brazil)"]
[Round "0"]
[White "Rios Filho Hilton Carlos (BRA)"]
[Black "Gouveia Carlos (BRA)"]
[Result "1-0"]
[WhiteElo "2285"]
[BlackElo "2369"]

1.c4 f5 2.Nf3 Nf6 3.g3 g6 4.Bg2 Bg7 5.O-O O-O 6.Nc3 d6 7.d4 c6 8.Qd3 Qc7 9.e4
e5 10.dxe5 dxe5 11.exf5 gxf5 12.Qe2 Nbd7 13.Be3 Re8 14.h3 e4 15.Nd2 Qe5 16.Nb3
c5 17.Rfd1 Qc7 18.Nb5 Qb8 19.Nxc5 Ne5 20.Nd6 Re7 21.Ncxe4 Nxe4 22.Nxe4 {#r}
1-0

[Event "It (open) \"]
[Site "masterchessopen.com - Hawaii (USA)"]
[Round "9"]
[White "Boissonnier Kimo (FRA)"]
[Black "Kobernat Alan (USA)"]
[Result "0-1"]
[WhiteElo "2030"]
[BlackElo "2067"]

1.d4 f5 2.Nf3 Nf6 3.c4 g6 4.g3 Bg7 5.Bg2 d6 6.O-O O-O 7.Nc3 c6 8.b3 Qa5 9.Qc2
e5 10.dxe5 dxe5 11.e4 f4 12.gxf4 exf4 13.Bxf4 Ng4 14.Bd2 Qh5 15.h3 Rxf3
16.Bxf3 Qxh3 17.Bxg4 Qxg4+ 18.Kh1 Qf3+ {#R} 0-1

[Event "It (open) \"]
[Site "masterchessopen.com - Hawaii (USA)"]
[Round "1"]
[White "Pohl Ira (USA)"]
[Black "Kaugars Agnis (USA)"]
[Result "1-0"]
[WhiteElo "2132"]
[BlackElo "2119"]

1.d4 f5 2.c4 Nf6 3.Nc3 g6 4.Nf3 Bg7 5.g3 O-O 6.Bg2 c6 7.O-O d6 8.Qc2 Qc7 9.Rd1
e5 10.dxe5 dxe5 11.b3 Na6 12.Ba3 Rd8 13.Rxd8+ Qxd8 14.Rd1 Qa5 15.Bb2 e4 16.Nd4
Ng4 17.h3 Nb4 18.Qb1 c5 19.Ndb5 Ne5 20.Na4 a6 21.Nbc3 Bd7 22.a3 Nbc6 23.Nd5
Nd4 24.Nab6 Nxc4 25.bxc4 Ba4 26.Bxd4 cxd4 27.Nxa4 Qxa4 28.Nb6 Qe8 29.Nxa8 Qxa8
{#r} 1-0

[Event "Ch Hungary (team) 1998/99 (2 liga)"]
[Site "masterchessopen.com - Hungary"]
[Round "0"]
[White "Juhasz Mihaly (HUN)"]
[Black "Grunberg Mihai-Lucian (ROM)"]
[Result "0-1"]
[WhiteElo "2026"]
[BlackElo "2360"]

1.d4 f5 2.g3 Nf6 3.Bg2 g6 4.Nf3 Bg7 5.O-O O-O 6.c4 d6 7.Nc3 c6 8.d5 Bd7 9.Nd4
Qb6 10.Nb3 Na6 11.h3 Nc7 12.Rb1 c5 13.Be3 Qa6 14.Nd2 Nh5 15.Bf4 b5 16.cxb5
Nxb5 17.Qc2 Nxf4 18.gxf4 Bxc3 19.bxc3 Na3 {#R} 0-1

[Event "It \"]
[Site "masterchessopen.com - Jyvaskyla (Finland)"]
[Round "0"]
[White "Tsiganova Monika (EST)"]
[Black "Oschetzki Stefan (GER)"]
[Result "1-0"]
[WhiteElo "2335"]
[BlackElo "2163"]

1.d4 g6 2.c4 f5 3.Nf3 Nf6 4.g3 Bg7 5.Bg2 O-O 6.O-O d6 7.Nc3 c6 8.d5 e5 9.dxe6
Bxe6 10.b3 Na6 11.Rb1 Nc5 12.Ng5 Re8 13.Bb2 Qc7 14.Qc2 Rad8 15.b4 Ncd7 16.Nxe6
Rxe6 17.e3 d5 18.cxd5 cxd5 19.Qb3 Nb6 20.Rfd1 Qc4 21.Nxd5 Qxb3 22.Nxf6+ Kf7
23.axb3 Red6 24.Rxd6 Rxd6 25.Nxh7 {#r} 1-0

[Event "It (open)"]
[Site "masterchessopen.com - Miercurea Ciuc (Romania)"]
[Round "9"]
[White "Schmid Siegfried (GER)"]
[Black "Tantau Adrian (ROM)"]
[Result "0-1"]
[WhiteElo "2141"]
[BlackElo "2221"]

1.c4 f5 2.Nc3 Nf6 3.d4 g6 4.g3 Bg7 5.Bg2 d6 6.Nf3 O-O 7.O-O c6 8.Qc2 Qe8 9.d5
Na6 10.a3 e5 11.Rd1 c5 12.Ng5 Nc7 13.b4 b6 14.Ne6 Bxe6 15.dxe6 Rd8 16.Bd5 Nxe6
17.Bg5 Nxd5 18.Bxd8 Nxc3 19.Rxd6 Nxd8 20.bxc5 Ne4 {#R} 0-1

[Event "Cup Russia (open)"]
[Site "masterchessopen.com - Moscow (Russia)"]
[Round "6"]
[White "Krasnov S (RUS)"]
[Black "Bondar Anatoly T (RUS)"]
[Result "1-0"]
[WhiteElo "2295"]
[BlackElo "2245"]

1.d4 f5 2.g3 g6 3.Bg2 Nf6 4.c4 Bg7 5.Nc3 d6 6.Nf3 c6 7.O-O O-O 8.b3 Na6 9.Bb2
Ne4 10.Rc1 Nc7 11.Qd3 d5 12.cxd5 Nxc3 13.Bxc3 Nxd5 14.Bd2 f4 15.e4 fxe3
16.fxe3 Bg4 17.h3 Bxf3 18.Bxf3 Qd6 19.Kg2 e5 20.e4 Nb6 21.d5 Rad8 22.Be3 Nd7
23.Qc2 cxd5 24.exd5 Rfe8 25.Rfe1 e4 26.Bg4 Be5 27.Be6+ Kh8 28.Qxe4 Nf6 29.Qh4
Nh5 30.Bd4 Rxe6 31.dxe6 {#r} 1-0

[Event "It (open)"]
[Site "masterchessopen.com - Passau (Germany)"]
[Round "3"]
[White "Danner Georg (AUT)"]
[Black "Heiduczek Josef (GER)"]
[Result "1-0"]
[WhiteElo "2340"]
[BlackElo "2199"]

1.d4 f5 2.g3 Nf6 3.Bg2 g6 4.Nf3 Bg7 5.O-O O-O 6.c4 d6 7.Nc3 c6 8.b3 Na6 9.Bb2
Qe8 10.d5 Bd7 11.Nd4 Rc8 12.Rb1 g5 13.e3 Qg6 14.f4 Ng4 15.Qd2 Qh6 16.Nf3 gxf4
17.exf4 Nc5 18.Rbe1 cxd5 19.Nxd5 Ne4 20.Nxe7+ Kf7 21.Nxc8 Nxd2 22.Re7+ Kg8
23.Rxg7+ Qxg7 24.Bxg7 Kxg7 25.Nxd2 Bxc8 26.Re1 {#r} 1-0

[Event "It (open)"]
[Site "masterchessopen.com - Passau (Germany)"]
[Round "4"]
[White "Spiegl Wolfgang"]
[Black "Klimpel Siegfried"]
[Result "1-0"]
[WhiteElo "1880"]
[BlackElo "1694"]

1.c4 f5 2.d4 g6 3.Nf3 Bg7 4.Nc3 Nf6 5.g3 d6 6.Bg2 c6 7.O-O O-O 8.d5 h6 9.Nd4
Bd7 10.e4 fxe4 11.Nxe4 Qc8 12.Re1 Bg4 13.Qd3 Nbd7 14.Nxf6+ Rxf6 15.dxc6 bxc6
16.Nxc6 Qf8 17.Be3 Bf3 18.Nxe7+ Qxe7 19.Bxf3 Rxf3 20.Qd5+ Qf7 21.Qxa8+ Kh7
22.Qd5 Qf8 23.Bd4 Bxd4 24.Qxd4 Ne5 25.Qxa7+ Kh8 26.Rxe5 dxe5 27.Rd1 {#r} 1-0

[Event "Cup Pribram"]
[Site "masterchessopen.com - Pribram (Czech Republic)"]
[Round "0"]
[White "Dolezal Radoslav (CZE)"]
[Black "Kalendovsk Jan (CZE)"]
[Result "0-1"]
[WhiteElo "2285"]
[BlackElo "2051"]

1.Nf3 g6 2.g3 Bg7 3.Bg2 f5 4.c4 Nf6 5.Nc3 O-O 6.O-O d6 7.d4 c6 8.d5 e5 9.dxe6
Bxe6 10.Bf4 Bxc4 11.Bxd6 Re8 12.Re1 Nd5 13.Nxd5 Bxd5 14.Ba3 Nd7 15.e3 Nb6
16.Nd2 Bxg2 17.Kxg2 Qd5+ 18.e4 fxe4 19.Qb3 e3+ 20.Nf3 exf2 21.Kxf2 Qxb3
22.axb3 Nd5 23.Rxe8+ Rxe8 24.Bc5 b6 25.Bd4 a5 26.Rd1 Re4 27.Bxg7 Kxg7 28.Nd4
Nb4 29.Kf3 Re7 30.Rd2 Kf6 31.Ne2 Nd5 {#R} 0-1

[Event "Memorial Jirasek (open)"]
[Site "masterchessopen.com - Rakovnik (Czech Republic)"]
[Round "7"]
[White "Friml Antonin (CZE)"]
[Black "Koutecky Vaclav (CZE)"]
[Result "1-0"]
[WhiteElo "2126"]
[BlackElo "2060"]

1.c4 g6 2.Nc3 f5 3.d4 Bg7 4.g3 Nf6 5.Bg2 O-O 6.Nf3 d6 7.O-O c6 8.Qc2 Qc7 9.e4
fxe4 10.Nxe4 Bf5 11.Nxf6+ Bxf6 12.Qc3 Nd7 13.Bg5 Bxg5 14.Nxg5 e5 15.d5 c5
16.Ne6 Bxe6 17.dxe6 Nf6 18.f4 Rad8 19.Rae1 e4 20.Bxe4 Nxe4 21.Rxe4 Qe7 22.Qd3
Rf6 23.Rfe1 Re8 24.R1e2 Kf8 25.g4 b6 26.Qd5 {#r} 1-0

[Event "It (open)"]
[Site "masterchessopen.com - Rhein an Main (Germany)"]
[Round "2"]
[White "Ripperger Reinhold (GER)"]
[Black "Peterson Emery (GER)"]
[Result "0-1"]
[WhiteElo "2064"]
[BlackElo "2165"]

1.d4 f5 2.g3 Nf6 3.Bg2 g6 4.Nf3 Bg7 5.O-O O-O 6.c4 c6 7.Nc3 d6 8.d5 e5 9.dxe6
Bxe6 10.b3 Na6 11.Ba3 Nc5 12.Nd4 Bf7 13.Qc2 Qe7 14.Rad1 Nfe4 15.Nxe4 Nxe4
16.Rfe1 Rfe8 17.f3 Nxg3 18.hxg3 Bxd4+ 19.Rxd4 Qe3+ 20.Kf1 Qxd4 21.e4 fxe4
22.Rd1 Qe3 23.Bc1 Qc5 24.f4 e3 25.Ke2 Qh5+ 26.g4 Qxg4+ 27.Bf3 Qxf4 28.Rg1 Re5
29.Bb2 Rf5 {#R} 0-1

[Event "Ch Slovakia (team) 1997/98 (2 liga) (a)"]
[Site "masterchessopen.com - Slovakia"]
[Round "0"]
[White "Horak Ivan (SVK)"]
[Black "Mosny Jaroslav (SVK)"]
[Result "1-0"]
[WhiteElo "2073"]
[BlackElo "1941"]

1.c4 f5 2.Nc3 Nf6 3.g3 g6 4.Bg2 Bg7 5.Nf3 O-O 6.d4 d6 7.O-O c6 8.b3 e5 9.dxe5
dxe5 10.Qc2 Qa5 11.Bd2 Qc7 12.Rad1 Na6 13.a3 Nc5 14.Bc1 Be6 15.Ng5 h6 16.Nxe6
Nxe6 17.e3 Rad8 18.b4 Rxd1 19.Rxd1 Rd8 20.c5 Rxd1+ 21.Qxd1 Qd7 22.Qb3 Qf7
23.Bf1 Ne8 24.Bc4 N8c7 25.b5 Kh7 26.b6 Nxc5 27.Bxf7 Nxb3 28.bxc7 {#r} 1-0

[Event "Extra League 1997/98"]
[Site "masterchessopen.com - Slovakia"]
[Round "5"]
[White "Puchart Vladimir (SVK)"]
[Black "Jurica Peter (SVK)"]
[Result "0-1"]
[WhiteElo "2079"]
[BlackElo "2113"]

1.d4 g6 2.c4 f5 3.Nc3 Nf6 4.g3 Bg7 5.Bg2 d6 6.Nf3 O-O 7.O-O c6 8.b3 e5 9.dxe5
dxe5 10.e4 Qc7 11.Qc2 Na6 12.Ba3 Re8 13.Rad1 Qa5 14.Bd6 Nc5 15.Nd2 Ne6 16.b4
Nd4 17.Qb2 Qd8 18.c5 fxe4 19.Ndxe4 Nd5 20.Nxd5 cxd5 21.Nc3 e4 22.Qd2 Bg4
23.Nxd5 Bf3 24.Qf4 Ne2+ {#R} 0-1

[Event "Ch Czech Republic (juniors) (under 16)"]
[Site "masterchessopen.com - Svetla nad Sazavou (Czech Republic)"]
[Round "7"]
[White "Cervinka Michal (CZE)"]
[Black "Svoboda Jaroslav (CZE)"]
[Result "1-0"]
[WhiteElo "2219"]
[BlackElo "1984"]

1.Nf3 f5 2.g3 g6 3.Bg2 Bg7 4.c4 Nf6 5.O-O O-O 6.Nc3 d6 7.d4 c6 8.d5 e5 9.dxe6
Bxe6 10.Qd3 Qd7 11.Bf4 Ne4 12.Nxe4 Bxb2 13.Nxd6 Bxa1 14.Rxa1 Na6 15.Rb1 Rad8
16.Qa3 Rb8 17.Qe3 b6 18.Nd4 g5 19.Qxe6+ Qxe6 20.Nxe6 Rf6 21.Nxg5 h6 22.Nf3 Rd8
23.Nd4 c5 24.N4xf5 {#r} 1-0

[Event "Ch Germany (seniors) (open)"]
[Site "masterchessopen.com - Weilburg (Germany)"]
[Round "6"]
[White "Meyer Heinz-Dieter (GER)"]
[Black "Gudat Alfons (GER)"]
[Result "0-1"]
[WhiteElo "2305"]
[BlackElo "2084"]

1.c4 f5 2.g3 Nf6 3.Bg2 g6 4.Nf3 Bg7 5.O-O O-O 6.Nc3 c6 7.d4 d6 8.Bf4 h6 9.h4
Nbd7 10.Qd2 Kh7 11.Rad1 Nh5 12.d5 Nxf4 13.gxf4 c5 14.h5 gxh5 15.e4 fxe4
16.Nxe4 Nf6 17.Nxf6+ Bxf6 18.Qd3+ Kg7 19.f5 Bd7 20.Bh3 Rb8 21.Kh1 b5 22.b3
bxc4 23.bxc4 Kh7 24.Nh4 Bxh4 25.f6+ Kh8 26.Qe4 Bxh3 27.Qxh4 Qd7 28.fxe7 Rf7
29.Rfe1 Re8 30.Re3 Bg4 31.Rde1 Qf5 32.Ra3 Qf4 {#R} 0-1

[Event "Cup Punkosdi (seniors)"]
[Site "masterchessopen.com - Sarvar (Hungary)"]
[Date "1998.05.22"]
[Round "1"]
[White "Kaposztas Miklos (HUN)"]
[Black "Tivolt Ferenc (HUN)"]
[Result "1-0"]
[WhiteElo "2245"]
[BlackElo "2024"]

1.d4 f5 2.g3 g6 3.Bg2 Bg7 4.Nf3 Nf6 5.c4 d6 6.O-O O-O 7.Nc3 c6 8.d5 e5 9.dxe6
Bxe6 10.Qd3 Na6 11.Ng5 Bc8 12.Bf4 Ne8 13.Rfd1 h6 14.Nf3 Be6 15.b3 Qf6 16.Rac1
g5 17.Be3 Nc5 18.Qd2 Nd7 19.h4 f4 20.Bd4 Ne5 21.Bxe5 dxe5 22.hxg5 hxg5 23.Ne4
Qg6 24.Nc5 Bf5 25.Nd7 Rd8 26.Nxf8 Rxd2 27.Nxg6 Rxd1+ 28.Rxd1 Bxg6 29.Nxg5 {#r}
1-0

[Event "Cup Azerbaijan"]
[Site "masterchessopen.com - Baku (Azerbaijan)"]
[Round "0"]
[White "Godjaev Galib (AZE)"]
[Black "Dovliatov Sanan (AZE)"]
[Result "0-1"]
[WhiteElo "2327"]
[BlackElo "2339"]

1.d4 d6 2.Nf3 f5 3.g3 Nf6 4.Bg2 g6 5.O-O Bg7 6.c4 O-O 7.Nc3 c6 8.d5 e5 9.dxe6
Bxe6 10.Qd3 Na6 11.Ng5 Bc8 12.Bf4 h6 13.Nf3 Qa5 14.a3 Ne4 15.Nxe4 fxe4 16.Qxe4
Bf5 17.Qe3 Rfe8 18.Qb3 Nc5 {#R} 0-1

[Event "Czech League 1998/99 (2nd) (a)"]
[Site "masterchessopen.com - Czech Republic"]
[Round "0"]
[White "Lorenc Oldrich (CZE)"]
[Black "Lukes Martin (CZE)"]
[Result "1-0"]
[WhiteElo "2228"]
[BlackElo "2100"]

1.c4 f5 2.Nc3 Nf6 3.g3 d6 4.d4 g6 5.Bg2 Bg7 6.Nf3 O-O 7.O-O c6 8.a4 Qc7 9.Qb3
Kh8 10.Bg5 Ne4 11.Rad1 Nxc3 12.Qxc3 Na6 13.b4 c5 14.b5 cxd4 15.Nxd4 Nc5 16.Qb4
Bxd4 17.Rxd4 Ne6 18.Bh6 Nxd4 19.Bxf8 Kg8 20.Bh6 Nxe2+ 21.Kh1 e5 22.Bd5+ Kh8
23.Qd2 Nxg3+ 24.hxg3 Qe7 25.Qg5 Qxg5 26.Bxg5 Kg7 27.Be7 a6 28.Bxd6 Kf6 29.b6
{#r} 1-0

[Event "It (open)"]
[Site "masterchessopen.com - Frankfurt (Germany)"]
[Round "4"]
[White "Leimeister Erhard (GER)"]
[Black "Jugow Alexander (GER)"]
[Result "1-0"]
[WhiteElo "2254"]
[BlackElo "2197"]

1.c4 f5 2.g3 Nf6 3.Bg2 d6 4.Nc3 g6 5.d4 Bg7 6.Nf3 O-O 7.O-O c6 8.d5 Bd7 9.Be3
Na6 10.Qd2 c5 11.Bh6 Rb8 12.Bxg7 Kxg7 13.a4 Nc7 14.Rfe1 e5 15.dxe6 Bxe6 16.e4
Bxc4 17.exf5 Bf7 18.fxg6 Bxg6 19.Ng5 Ng4 20.f4 Bf5 21.Rad1 Rf6 22.Nce4 Bxe4
23.Nxe4 Rg6 24.Nxd6 Ne6 25.f5 Nd4 26.fxg6 Qxd6 27.gxh7 Kxh7 28.Be4+ Kh8 29.Qg5
Nh6 30.Bg2 Rf8 31.Qe5+ Qxe5 32.Rxe5 {#r} 1-0

[Event "It (open)"]
[Site "masterchessopen.com - Hamburg (Germany)"]
[Round "1"]
[White "Wronn Bernd (GER)"]
[Black "Oelrichs Manfred"]
[Result "1-0"]
[WhiteElo "2157"]
[BlackElo "1663"]

1.Nf3 g6 2.c4 f5 3.g3 Nf6 4.Bg2 Bg7 5.O-O c6 6.Nc3 d6 7.d4 O-O 8.Qd3 Nbd7
9.Ng5 Nb6 10.d5 c5 11.a4 h6 12.Ne6 Bxe6 13.dxe6 Ng4 14.f4 Rb8 15.a5 Na8 16.h3
Nf6 17.e4 fxe4 18.Nxe4 Nc7 19.Re1 b5 20.axb6 Rxb6 21.Rxa7 Qb8 22.Ra3 Kh8 23.g4
d5 24.Nxc5 dxc4 25.Qxg6 Rxe6 26.Nxe6 Qb6+ 27.Kh1 Nxe6 28.g5 hxg5 29.fxg5 Nf4
30.Bxf4 Qxb2 31.gxf6 {#r} 1-0

[Event "It (cat.7)"]
[Site "masterchessopen.com - Hertogenbosch (Netherlands)"]
[Round "9"]
[White "Stone Raymond (CAN)"]
[Black "Bosch Jeroen (NED)"]
[Result "0-1"]
[WhiteElo "2340"]
[BlackElo "2433"]

1.d4 f5 2.g3 Nf6 3.Bg2 g6 4.Nf3 Bg7 5.O-O O-O 6.c4 d6 7.Nc3 c6 8.Qb3 Kh8 9.Rd1
Qc7 10.c5 Na6 11.cxd6 exd6 12.d5 Nc5 13.Qc4 Nfe4 14.Nxe4 fxe4 15.Ng5 b5 16.Qc2
cxd5 17.Rxd5 Bb7 18.Rd1 Qe7 19.Bf4 Rad8 20.f3 d5 21.fxe4 h6 22.exd5 hxg5 23.d6
Qf7 24.Be3 Bxg2 25.Qxc5 Ba8 26.Qxa7 Qe6 27.Bd4 Rd7 28.Bxg7+ Rxg7 29.d7 {#R}
0-1

[Event "Ch Hessen (open)"]
[Site "masterchessopen.com - Hessen (Germany)"]
[Round "7"]
[White "Falz Roman"]
[Black "Simon Hans Christian (GER)"]
[Result "1-0"]
[WhiteElo "2013"]
[BlackElo "2188"]

1.d4 f5 2.Nf3 Nf6 3.g3 g6 4.Bg2 Bg7 5.O-O O-O 6.c4 d6 7.Nc3 c6 8.d5 e5 9.dxe6
Bxe6 10.Qd3 Ne4 11.Nxe4 fxe4 12.Qxe4 Bf5 13.Qe3 Re8 14.Qd2 Qb6 15.e3 Be6
16.Qxd6 Bxc4 17.Re1 Na6 18.Qf4 Bd3 19.Ng5 Re7 20.Rd1 Be2 21.Rd2 Qb5 22.Ne4 Qc4
23.Qg5 Re6 24.Nd6 Rxd6 25.Rxd6 Qb4 26.Rd8+ Bf8 27.Rd2 Qc4 28.Qf4 Qb5 29.a4 Qb3
30.Rxe2 Qd1+ 31.Bf1 {#r} 1-0

[Event "Cup Infotozsde"]
[Site "masterchessopen.com - Heves (Hungary)"]
[Round "0"]
[White "Hevesi Zoltan (HUN)"]
[Black "Horvath Denes (HUN)"]
[Result "1-0"]
[WhiteElo "2168"]
[BlackElo "2132"]

1.d4 d6 2.c4 g6 3.Nc3 Bg7 4.g3 f5 5.Nf3 Nf6 6.Bg2 c6 7.O-O O-O 8.b3 Be6 9.Bb2
Bf7 10.Qc2 Nbd7 11.Ng5 e5 12.dxe5 dxe5 13.e4 Nxe4 14.Ncxe4 fxe4 15.Nxf7 Rxf7
16.Qxe4 Qe7 17.Rad1 Nc5 18.Qe3 Nd7 19.Bh3 Nf8 20.Rfe1 Re8 21.Qxa7 Ra8 22.Qxa8
{#r} 1-0

[Event "It (open)"]
[Site "masterchessopen.com - Kassel (Germany)"]
[Round "4"]
[White "Zentgraf Alexander (GER)"]
[Black "Haase Wolfgang (GER)"]
[Result "0-1"]
[WhiteElo "2200"]
[BlackElo "2053"]

1.d4 g6 2.Nf3 f5 3.g3 Nf6 4.Bg2 Bg7 5.O-O O-O 6.c4 d6 7.Nc3 c6 8.Re1 Ne4 9.Qc2
Nxc3 10.bxc3 e5 11.e4 fxe4 12.Qxe4 Bf5 13.Qe2 Bg4 14.Qe4 Bf5 15.Qe2 Nd7 16.Be3
Qa5 17.Qd2 Bg4 18.Ng5 exd4 19.cxd4 Qxd2 20.Bxd2 Bxd4 21.Bb4 Bxf2+ 22.Kh1 Bxe1
23.Rxe1 Rae8 24.Ne4 c5 25.Bc3 Re6 26.h3 Bf3 {#R} 0-1

[Event "Ch Portugal"]
[Site "masterchessopen.com - Lisbon (Portugal)"]
[Round "6"]
[White "Ferreira Nelson (POR)"]
[Black "Fernando Diogo (POR)"]
[Result "0-1"]
[WhiteElo "2207"]
[BlackElo "2221"]

1.d4 f5 2.c4 Nf6 3.Nc3 g6 4.g3 Bg7 5.Bg2 O-O 6.Nf3 d6 7.O-O c6 8.Qb3 Qe8 9.Bf4
Nh5 10.c5+ Kh8 11.Bd2 dxc5 12.dxc5 Na6 13.Na4 e5 14.Bc3 Qe7 15.Rac1 Be6 16.Qc2
Bd5 17.Nd2 Bxg2 18.Kxg2 Nc7 19.e3 Nd5 20.Ba5 f4 21.exf4 exf4 22.Rce1 Qd7
23.Bc3 Rf5 24.Bxg7+ Nxg7 25.Nf3 Raf8 26.Re5 fxg3 27.Rxf5 Nxf5 28.Qd2 Nde3+
29.fxe3 Qxd2+ 30.Nxd2 Nxe3+ {#R} 0-1